| 000 | 00958nam a2200301 i 4500 | ||
|---|---|---|---|
| 001 | 16606 | ||
| 003 | ES-MaACL | ||
| 005 | 20230906151347.0 | ||
| 007 | t| | ||
| 008 | 001019s1994 sp |||| | spa d | ||
| 020 | _a84-7509-569-0 | ||
| 080 | _a159.964.2 | ||
| 080 | _a159.922.7 | ||
| 080 | _a159.964.2-053.2 | ||
| 100 | 1 |
_aKlein, Melanie. _968216 |
|
| 245 | 1 | 0 |
_aAmor, culpa y reparación y otros trabajos (1921-1945) / _cMelanie Klein ; con una introducción de R.E. Money-Kyrle. |
| 250 | _a1ª ed., 2ª reimp. | ||
| 260 |
_aBarcelona : _bPaidós Ibérica, _c1994. |
||
| 300 |
_a451 p. ; _c22 cm. |
||
| 490 | 1 |
_aObras completas de Melanie Klein ; _v1 |
|
| 650 | 0 | 4 |
_aPsicoanálisis. _916530 |
| 650 | 4 |
_aPersonalidad en niños. _9162937 |
|
| 650 | 0 | 4 |
_aNiños- _xPsicoanálisis. _915552 |
| 700 | 1 |
_aMoney-Kyrle, R.E. _982181 |
|
| 830 | 0 |
_aObras completas de Melanie Klein ; _v1 _9180004 |
|
| 852 |
_aES-MaACL _jL-23855 |
||
| 999 |
_c16606 _d16606 |
||